000
00330nam a2200145Ia 4500
008
191201s2009 xx 000 0 und d
082
_a
338.836
_b
MUI
100
_a
MURALIDHARAN,V.S
245
0
_a
Intelligent Manager
250
_a
Rep
260
_a
N. Delhi
_b
Ane Books
_c
2009
300
_a
434
650
_a
BBA
942
_2
ddc
_c
BK
999
_c
4989
_d
4989